000 01487cam a22004334i 4500
003 PE-LiUPU
005 20250731173419.0
008 s2000 miu rb 000 0 spa0d
020 _a0825412897
035 _a(Sirsi) i9780825412899
035 _a(Sirsi) 47254
035 _a(Sirsi) 47254
082 0 4 _a227.82
_bG84
100 1 _aGreen, Eugenio
245 _a1 y 2 Tesalonicenses /
_cEugenio Green.
264 1 _aGrand Rapids :
_bEditorial Portavoz,
_c2000
300 _a383 páginas ;
_c22 centímetros
504 _aIncluye bibliografía p. 379-383
505 0 _aAbreviaturas -- 1 Tesalonicenses -- Notas de 1 Tesalonicenses -- 2 Tesalonicenses -- Notas de 2 Tesalonicenses.
526 _aSEG42
526 _aSEG41
526 _aSEG40
526 _aSEG39
526 _aP94
526 _aP87
526 _aP86
526 _aP85
526 _aP77
526 _aP76
526 _aP35
630 _aBiblia
_pN.T.
_pTesalonicenses
_vComentarios
942 _2ddc
_cBOOK
949 _a227.82 G84
_i64902
_lCCODEBUL1
_mBUL
_tLIBRO
_o.STAFF. Colección Teología
859 _q64902
_h227.82
_iG84
910 _agl
_b
_cjck
_d20120608
596 _a1
999 _a227.82 G84
_wDEWEY
_c53611
_i64902
_d53611
_e2019-3-31
_f2021-11-9
_g5
_lCCODEBUL1
_mBUL
_n9
_p13.00
_r0
_sY
_tBOOK
_u2015-7-6
_xTEOLOGIA
_PP35
_0COMPRA
_o.STAFF. Colección Teología
980 _81
_gALBERTO SANCHEZ Responsable de Automatización